000 00429cam a22001337a 4500
008 180718b1987 xxu||||| |||| 00| 0 eng d
082 _aA81x54 In2/81/1/Pt3A/1
100 _aCensus of India 1981
245 _aIndia: general economic tables
260 _aDelhi
_bThe Controller of Publications
_c1987
300 _a721+p.
440 _aCensus of India 1981. Series-1, India. Part III-A (i)
500 _aContents: Tables B-1 to B-5
999 _c481846
_d481846